000 00484nam a2200169 i 4500
001 116053
003 ES-MaACL
005 20230906190625.0
007 t|
008 061121s1932 sp r ||||1| spa d
100 1 _aOrts González, Juan.
_987671
245 1 3 _aEl destino de los pueblos ibéricos /
_cJuan Orts González.
260 _aMadrid :
_bLibrería Nacional y Extranjera,
_c1932.
300 _a462 p. ;
_c21 cm.
852 _aES-MaACL
_jB-8849
852 _aES-MaACL
_jA-1216
999 _c116053
_d116053